| 000 | 00370nam a2200157Ia 4500 | ||
|---|---|---|---|
| 008 | 230524s9999 xx 000 0 und d | ||
| 082 |
_a621.382 _bSHA |
||
| 100 | _aS.P.Sharma | ||
| 245 | 0 | _aBasic Radio and Television | |
| 250 | _a2ND | ||
| 260 |
_aNEW DELHI _bTMH _c2003 |
||
| 300 | _aXXIV;700 | ||
| 500 | _aQuantity Number: 2 | ||
| 650 | _aElectronics | ||
| 942 | _cBK | ||
| 999 |
_c4472 _d4472 |
||